000 00497nam a2200193Ia 4500
008 220531s9999 xx 000 0 und d
041 _aeng
082 _a576.5
_bKLU / CUM
100 _aKlug, W. S. / Cummings, M. R.
_969681
245 _aEssentials Of Genetics
250 _a5th
260 _aUSA
_bPearson
_c2005
300 _a568+I-10
542 _d11-03-2015
551 _aScience
_bNon-grant-SCI
650 _aGenetics
_969682
906 _d2014-2015
_f6616
999 _c39072
_d39072